[Event "GER-chT U14 Girls"]
[Site "Magdeburg"]
[Date "2014.06.29"]
[Round "7.3"]
[White "Schilay, Maria"]
[Black "Fuchs, Joline"]
[Result "0-1"]
[WhiteElo "1090"]
[BlackElo "1175"]
[PlyCount "80"]
[EventDate "2013.12.27"]
[EventType "team-swiss"]
[EventRounds "4"]
[EventCountry "GER"]
[SourceTitle "EXT 2022"]
[Source "ChessBase"]
[SourceDate "2021.10.06"]
[SourceVersion "1"]
[SourceVersionDate "2021.10.06"]
[SourceQuality "1"]
[WhiteTeam "Neumarkt"]
[BlackTeam "Chemnitz"]
[WhiteTeamCountry "GER"]
[BlackTeamCountry "GER"]

1. d4 g6 2. Nf3 Nf6 3. Bf4 d6 4. e3 Bg7 5. Nbd2 0-0 6. c3 b6 7. Bd3 c5 8. h3 Nc6 9. g4 e5 10. Bb5 Bb7 11. Bg3 Qe7 12. g5 Nd7 13. Kf1 exd4 14. exd4 cxd4 15. cxd4 Nxd4 16. Bxd7 Qxd7 17. Rc1 Qb5+ 18. Kg1 Qe2 19. Nxd4 Qxd1+ 20. Rxd1 Bxh1 21. Kxh1 Bxd4 22. Bxd6 Rfd8 23. Bg3 Bxb2 24. Kg2 Bc3 25. Bf4 Rd3 26. Kf1 Rad8 27. Ke2 a5 28. Be3 b5 29. Ke1 a4 30. Ke2 b4 31. Kf1 Bxd2 32. Bxd2 Rxd2 33. Re1 b3 34. a3 b2 35. h4 Rd1 36. Rxd1 Rxd1+ 37. Kg2 b1Q 38. h5 Rg1+ 39. Kh2 Qf1 40. hxg6 Qg2# 0-1

[Event "GER-chT U14 Girls"]
[Site "Magdeburg"]
[Date "2012.12.29"]
[Round "5.3"]
[White "Fuchs, Joline"]
[Black "Schroeter, Sophie"]
[Result "1-0"]
[WhiteElo "1041"]
[BlackElo "1103"]
[PlyCount "71"]
[EventDate "2012.12.27"]
[EventType "team-swiss"]
[EventRounds "7"]
[EventCountry "GER"]
[SourceTitle "EXT 2014"]
[Source "ChessBase"]
[SourceDate "2013.11.20"]
[SourceVersion "1"]
[SourceVersionDate "2013.11.20"]
[SourceQuality "1"]
[WhiteTeam "Chemnitz USG"]
[BlackTeam "Porz SG"]
[WhiteTeamCountry "GER"]
[BlackTeamCountry "GER"]

1. e4 e5 2. Nf3 Nc6 3. Nc3 Nf6 4. Bc4 Bc5 5. d3 d6 6. 0-0 Bg4 7. h3 Bh5 8. Bg5 h6 9. Bxf6 Qxf6 10. Nd5 Qd8 11. a4 Nd4 12. g4 Bg6 13. c3 Nxf3+ 14. Qxf3 c6 15. Ne3 a6 16. b4 Bb6 17. a5 Bc7 18. Nf5 Bxf5 19. Qxf5 Qf6 20. Qxf6 gxf6 21. f3 Rg8 22. Kf2 b5 23. axb6 Bxb6+ 24. Ke2 a5 25. bxa5 Bxa5 26. Rfb1 h5 27. Kf2 hxg4 28. hxg4 Rh8 29. Rxa5 Rh2+ 30. Kg3 Rxa5 31. Kxh2 d5 32. exd5 cxd5 33. Bb3 d4 34. cxd4 exd4 35. Kg3 Rb5 36. Bxf7+ 1-0